[Event "FIN-chT2 Gp1 1718"]
[Site "Finland"]
[Date "2017.09.16"]
[Round "1.3"]
[White "Kiviaho, Allan"]
[Black "Peltonen, Jukka"]
[Result "1/2-1/2"]
[WhiteElo "2092"]
[BlackElo "1902"]
[PlyCount "86"]
[EventDate "2017.09.16"]
[EventType "team-tourn"]
[EventRounds "7"]
[EventCountry "FIN"]
[SourceTitle "EXT 2020"]
[Source "ChessBase"]
[SourceDate "2019.10.17"]
[SourceVersion "1"]
[SourceVersionDate "2019.10.17"]
[SourceQuality "1"]
[WhiteTeam "Helsinki HSK III"]
[BlackTeam "Helsinki X"]
[WhiteTeamCountry "FIN"]
[BlackTeamCountry "FIN"]

1. Nf3 Nf6 2. c4 c6 3. Nc3 d5 4. d4 e6 5. e3 Nbd7 6. Bd3 dxc4 7. Bxc4 b5 8. Bd3 Be7 9. 0-0 Bb7 10. Qe2 Qb6 11. Rd1 a6 12. e4 c5 13. e5 Nd5 14. Nxd5 Bxd5 15. Be3 c4 16. Bc2 0-0-0 17. a4 Kb7 18. Nd2 Rc8 19. Be4 Qc6 20. f3 Nb6 21. axb5 axb5 22. Bc2 Ra8 23. Qe1 b4 24. Rxa8 Rxa8 25. Ra1 Rxa1 26. Qxa1 g6 27. Ne4 b3 28. Bb1 Qa4 29. Qxa4 Nxa4 30. Bc1 Bb4 31. Kf2 c3 32. bxc3 Nxc3 33. Nxc3 Bxc3 34. Ke3 Bc4 35. Bd2 Ba1 36. Bb4 Kc6 37. Bc5 Kb5 38. Bd6 Bd5 39. Kd3 h5 40. h4 Bb2 41. Bc5 Ba1 42. Be7 Bb2 43. Bd6 Ba1 1/2-1/2

[Event "FIN-chT2 Gp1 1617"]
[Site "Finland"]
[Date "2016.11.05"]
[Round "3.3"]
[White "Kiviaho, Allan"]
[Black "Hytonen, Harri"]
[Result "1-0"]
[WhiteElo "2124"]
[BlackElo "2060"]
[PlyCount "141"]
[EventDate "2016.09.17"]
[EventType "team-tourn"]
[EventRounds "7"]
[EventCountry "FIN"]
[SourceTitle "EXT 2019"]
[Source "ChessBase"]
[SourceDate "2018.10.10"]
[SourceVersion "1"]
[SourceVersionDate "2018.10.10"]
[SourceQuality "1"]
[WhiteTeam "Helsinki HSK III"]
[BlackTeam "Helsinki I-HSK"]
[WhiteTeamCountry "FIN"]
[BlackTeamCountry "FIN"]

1. Nf3 d6 2. c4 Nf6 3. Nc3 g6 4. d4 Bg7 5. e4 0-0 6. Be2 Nc6 7. 0-0 e5 8. d5 Ne7 9. Bg5 h6 10. Bh4 g5 11. Bg3 Ng6 12. Nd2 Ne8 13. f3 h5 14. b4 h4 15. Bf2 Nf4 16. c5 Kh7 17. Nc4 Rg8 18. Ne3 Bf8 19. Ng4 Be7 20. a4 Ng7 21. Rc1 a6 22. a5 Qe8 23. cxd6 cxd6 24. Re1 Nxe2+ 25. Rxe2 Bd7 26. Ne3 Rc8 27. Na2 Rxc1 28. Qxc1 Bd8 29. Nc4 Qe7 30. Bb6 Bb5 31. Rc2 Nh5 32. Bxd8 Qxd8 33. Nb6 Nf4 34. Nc3 g4 35. fxg4 Rxg4 36. Nxb5 axb5 37. Qe3 Qg5 38. Qf3 Kg7 39. Nc8 f5 40. Nxd6 fxe4 41. Nxe4 Qg6 42. d6 Ne6 43. Nf2 Rf4 44. Qxb7+ Kh6 45. Qc8 Rf8 46. Qc3 Nf4 47. Nd1 Qe4 48. Qd2 Rg8 49. Ne3 Qf3 50. Qe1 Kh5 51. Qd1 Qxd1+ 52. Nxd1 Rd8 53. Rd2 e4 54. a6 Nd3 55. Nc3 Nxb4 56. a7 e3 57. Re2 Nc6 58. Nxb5 Nxa7 59. Nxa7 Rxd6 60. Rxe3 Rd2 61. Nb5 Kg5 62. h3 Kf4 63. Rf3+ Kg5 64. Nc3 Rd4 65. Kh2 Rc4 66. Ne2 Re4 67. Ng1 Rc4 68. Rf8 Kg6 69. Nf3 Kg7 70. Rf5 Kh6 71. Rd5 1-0

[Event "Helsinki We Ilkka Kanko 70v"]
[Site "Helsinki"]
[Date "2015.01.25"]
[Round "5"]
[White "Stahle, Sten"]
[Black "Kiviaho, Allan"]
[Result "0-1"]
[WhiteElo "1686"]
[BlackElo "2123"]
[PlyCount "86"]
[EventDate "2015.01.23"]
[EventType "swiss"]
[EventRounds "5"]
[EventCountry "FIN"]
[SourceTitle "EXT 2022"]
[Source "ChessBase"]
[SourceDate "2021.10.06"]
[SourceVersion "1"]
[SourceVersionDate "2021.10.06"]
[SourceQuality "1"]

1. e4 c5 2. Nf3 e6 3. d4 cxd4 4. Nxd4 Nc6 5. Nc3 Qc7 6. Be3 a6 7. Qd2 Nf6 8. f3 Ne5 9. a3 b5 10. g4 Bc5 11. Be2 d6 12. h4 Bb7 13. h5 Rc8 14. g5 Nfd7 15. f4 Nc6 16. Rg1 Qb6 17. 0-0-0 Nxd4 18. Bxd4 Bxd4 19. Qxd4 Qxd4 20. Rxd4 Ke7 21. Rgd1 Rc6 22. a4 bxa4 23. Nxa4 Rd8 24. Rb4 Rb8 25. Rbd4 Nb6 26. Nxb6 Rxb6 27. b3 Rc8 28. Kb2 Rc5 29. Bd3 e5 30. fxe5 Rxe5 31. Rg1 h6 32. gxh6 gxh6 33. Rc4 Bc6 34. Rg8 Rxh5 35. Rh8 Kf6 36. Rd4 Ke5 37. Kc3 Rh4 38. Rd8 d5 39. Rf8 dxe4 40. Bc4 Rh3+ 41. Bd3 exd3 42. cxd3 Bd5 43. Re8+ Be6 0-1

[Event "Helsinki We Ilkka Kanko 70v"]
[Site "Helsinki"]
[Date "2015.01.24"]
[Round "3"]
[White "Saharinen, Petri"]
[Black "Kiviaho, Allan"]
[Result "1/2-1/2"]
[WhiteElo "1820"]
[BlackElo "2123"]
[PlyCount "115"]
[EventDate "2015.01.23"]
[EventType "swiss"]
[EventRounds "5"]
[EventCountry "FIN"]
[SourceTitle "EXT 2022"]
[Source "ChessBase"]
[SourceDate "2021.10.06"]
[SourceVersion "1"]
[SourceVersionDate "2021.10.06"]
[SourceQuality "1"]

1. d4 Nf6 2. c4 e6 3. Nc3 Bb4 4. e3 0-0 5. Bd3 c5 6. Nf3 d5 7. 0-0 Nc6 8. cxd5 exd5 9. a3 Bxc3 10. bxc3 Bg4 11. Be2 Ne4 12. Bb2 c4 13. Ne5 Bxe2 14. Qxe2 Nxe5 15. dxe5 Nc5 16. a4 Nd3 17. Ba3 Re8 18. f4 Qa5 19. Qc2 Qb6 20. Qd2 Qc6 21. Bd6 f6 22. Rf3 fxe5 23. fxe5 Nxe5 24. Bxe5 Rxe5 25. Raf1 Qc5 26. Qd4 Qxd4 27. exd4 Re7 28. Rf5 Rd8 29. Kf2 g6 30. Rf3 Rd6 31. Rb1 b6 32. Rb5 a6 33. Rb2 Rf7 34. Re2 Rxf3+ 35. gxf3 Kf7 36. Kg3 Re6 37. Rb2 Ke7 38. Kf2 Kd7 39. h3 Kc6 40. Rb4 Re7 41. Rb1 Rb7 42. Re1 Kd6 43. Rb1 b5 44. axb5 axb5 45. h4 Kc6 46. Re1 Rd7 47. Re6+ Rd6 48. Re8 b4 49. cxb4 Kb5 50. Rb8+ Rb6 51. Rd8 Kxb4 52. Rxd5 Kc3 53. Ke3 Kc2 54. Rc5 c3 55. d5 Rb8 56. d6 Rd8 57. Rc6 Kb1 58. Rxc3 1/2-1/2

[Event "Helsinki We HSK 1st 60+60"]
[Site "Helsinki"]
[Date "2014.??.??"]
[Round "1"]
[White "Kiviaho, Allan"]
[Black "Parkkinen, Jyrki"]
[Result "0-1"]
[WhiteElo "2138"]
[BlackElo "2197"]
[PlyCount "100"]
[EventDate "2014.??.??"]
[EventType "swiss"]
[EventRounds "5"]
[EventCountry "FIN"]
[SourceTitle "EXT 2022"]
[Source "ChessBase"]
[SourceDate "2021.10.06"]
[SourceVersion "1"]
[SourceVersionDate "2021.10.06"]
[SourceQuality "1"]

1. d4 d5 2. c4 c5 3. cxd5 Nf6 4. dxc5 Qxd5 5. Qxd5 Nxd5 6. a3 e6 7. e4 Nf6 8. b4 a5 9. e5 Nd5 10. b5 Bxc5 11. Nf3 b6 12. Bc4 Bb7 13. 0-0 0-0 14. Bb2 Nd7 15. Nbd2 Rac8 16. Rfe1 Rfd8 17. Rac1 Ne7 18. Bd3 Ng6 19. Be4 Bxe4 20. Nxe4 Nf4 21. Nxc5 Nxc5 22. Nd4 Nfd3 23. Nc6 Re8 24. Rxc5 Nxc5 25. Rd1 Rc7 26. Bd4 Rd7 27. Rb1 Rd5 28. Be3 h6 29. Rc1 Nd7 30. Rb1 Kh7 31. a4 g5 32. f4 gxf4 33. Bxf4 Nc5 34. Be3 Nxa4 35. Ra1 Nc5 36. Rf1 Kg7 37. Rf3 a4 38. Rg3+ Kh7 39. Rh3 a3 40. Bxh6 Kg6 41. Rxa3 Kxh6 42. Ra7 Kg6 43. Ne7+ Rxe7 44. Rxe7 Nd3 45. Rb7 Rxb5 46. g4 Nxe5 47. h3 Rb2 48. Rb8 Nf3+ 49. Kf1 Kg5 50. Rh8 Kf4 0-1

[Event "Helsinki We HSK 5th"]
[Site "Helsinki"]
[Date "2011.??.??"]
[Round "4"]
[White "Kiviaho, Allan"]
[Black "Haanpaa, Jorma"]
[Result "1/2-1/2"]
[WhiteElo "2178"]
[BlackElo "2011"]
[PlyCount "66"]
[EventDate "2011.??.??"]
[EventType "swiss"]
[EventRounds "5"]
[EventCountry "FIN"]
[SourceTitle "EXT 2022"]
[Source "ChessBase"]
[SourceDate "2021.10.06"]
[SourceVersion "1"]
[SourceVersionDate "2021.10.06"]
[SourceQuality "1"]

1. d4 f5 2. Nf3 Nf6 3. g3 g6 4. Bg2 Bg7 5. c4 d6 6. b3 0-0 7. Bb2 c6 8. 0-0 h6 9. Nbd2 Qe8 10. Re1 Ne4 11. Qc2 Nxd2 12. Qxd2 e5 13. e4 f4 14. Ba3 fxg3 15. hxg3 Rf6 16. dxe5 dxe5 17. Bd6 Nd7 18. c5 Rf7 19. Qc3 Kh7 20. Bh3 a5 21. Rad1 a4 22. b4 a3 23. Nd2 Nf8 24. Bf1 Bg4 25. Rb1 Qd7 26. Nc4 Re8 27. Re3 h5 28. f3 Be6 29. Nb6 Qd8 30. Rd1 Qg5 31. Kf2 h4 32. g4 Bxg4 33. Ke2 Be6 1/2-1/2

[Event "Helsinki We HSK 5th"]
[Site "Helsinki"]
[Date "2011.??.??"]
[Round "1"]
[White "Tuominen, Joona"]
[Black "Kiviaho, Allan"]
[Result "1/2-1/2"]
[WhiteElo "1849"]
[BlackElo "2178"]
[PlyCount "25"]
[EventDate "2011.??.??"]
[EventType "swiss"]
[EventRounds "5"]
[EventCountry "FIN"]
[SourceTitle "EXT 2022"]
[Source "ChessBase"]
[SourceDate "2021.10.06"]
[SourceVersion "1"]
[SourceVersionDate "2021.10.06"]
[SourceQuality "1"]

1. Nf3 c5 2. c4 Nc6 3. Nc3 g6 4. d4 cxd4 5. Nxd4 Bg7 6. Nxc6 bxc6 7. g3 Nf6 8. Bg2 0-0 9. 0-0 Bb7 10. Bg5 Qc7 11. Qd2 Rfe8 12. Rfd1 d6 13. Rac1 1/2-1/2

[Event "Helsinki We HSK Eero Book 100 5th"]
[Site "Helsinki"]
[Date "2010.??.??"]
[Round "3"]
[White "Auvinen, Esa"]
[Black "Kiviaho, Allan"]
[Result "0-1"]
[WhiteElo "2001"]
[BlackElo "2181"]
[PlyCount "92"]
[EventDate "2010.??.??"]
[EventType "swiss"]
[EventRounds "5"]
[EventCountry "FIN"]
[SourceTitle "EXT 2022"]
[Source "ChessBase"]
[SourceDate "2021.10.06"]
[SourceVersion "1"]
[SourceVersionDate "2021.10.06"]
[SourceQuality "1"]

1. e4 c5 2. Nf3 e6 3. d4 cxd4 4. Nxd4 Nc6 5. g3 Qc7 6. Nc3 a6 7. Bg2 b5 8. 0-0 Bb7 9. Be3 Nf6 10. h3 Ne5 11. Bf4 d6 12. Qe2 Be7 13. Rad1 0-0 14. Rfe1 Rac8 15. Bc1 Nc6 16. Kh2 Rfe8 17. Nxc6 Qxc6 18. Rd2 b4 19. Nd1 a5 20. b3 Rc7 21. Bb2 e5 22. c4 bxc3 23. Nxc3 Rec8 24. Nd5 Nxd5 25. Rxd5 Qb6 26. Rd2 Bg5 27. f4 exf4 28. Qg4 fxg3+ 29. Qxg3 f6 30. Rxd6 Rc6 31. Red1 Rxd6 32. Rxd6 Qe3 33. Qxe3 Bxe3 34. Rd7 Bc6 35. Rd3 Bf4+ 36. Kg1 Re8 37. Bc3 Bc7 38. Kf2 Bxe4 39. Bxe4 Rxe4 40. Rd1 Bb6+ 41. Kf1 a4 42. b4 Re3 43. Rd6 Rxc3 44. Rxb6 Rxh3 45. Ra6 Ra3 46. b5 Rxa2 0-1

[Event "Helsinki We HSK Eero Book 100 5th"]
[Site "Helsinki"]
[Date "2010.??.??"]
[Round "1"]
[White "Kiviaho, Allan"]
[Black "Pasanen, Tuomo Tapio"]
[Result "1-0"]
[WhiteElo "2181"]
[BlackElo "1994"]
[PlyCount "67"]
[EventDate "2010.??.??"]
[EventType "swiss"]
[EventRounds "5"]
[EventCountry "FIN"]
[SourceTitle "EXT 2022"]
[Source "ChessBase"]
[SourceDate "2021.10.06"]
[SourceVersion "1"]
[SourceVersionDate "2021.10.06"]
[SourceQuality "1"]

1. d4 d5 2. c4 c6 3. Nf3 Nf6 4. Nc3 dxc4 5. a4 Bf5 6. e3 e6 7. Bxc4 Bb4 8. 0-0 Nbd7 9. Nh4 Bg4 10. f3 Bh5 11. g3 Qc7 12. Qb3 Bd6 13. Ne2 g5 14. Ng2 0-0-0 15. e4 g4 16. e5 Bxe5 17. dxe5 Nxe5 18. fxg4 Nfxg4 19. Bf4 Qd6 20. Rac1 Qc5+ 21. Be3 Qe7 22. Nef4 Bg6 23. Be2 h5 24. Nh4 Be4 25. Nfg2 Rhg8 26. Bxa7 Rd2 27. Bxg4 Nxg4 28. Rf4 Qg5 29. Be3 Rxg2+ 30. Nxg2 Bxg2 31. Kxg2 Nxh2 32. Bd2 h4 33. Rf2 Qg4 34. Qe3 1-0

[Event "Helsinki We HSK Eero Book 100 8th"]
[Site "Helsinki"]
[Date "2010.??.??"]
[Round "3"]
[White "Kiviaho, Allan"]
[Black "Tuominen, Joona"]
[Result "1-0"]
[WhiteElo "2181"]
[BlackElo "1849"]
[PlyCount "123"]
[EventDate "2010.??.??"]
[EventType "swiss"]
[EventRounds "5"]
[EventCountry "FIN"]
[SourceTitle "EXT 2022"]
[Source "ChessBase"]
[SourceDate "2021.10.06"]
[SourceVersion "1"]
[SourceVersionDate "2021.10.06"]
[SourceQuality "1"]

1. d4 Nf6 2. c4 g6 3. Nc3 d5 4. cxd5 Nxd5 5. e4 Nxc3 6. bxc3 Bg7 7. Bc4 c5 8. Ne2 0-0 9. 0-0 cxd4 10. cxd4 Nc6 11. Be3 Na5 12. Bd3 Bd7 13. Qd2 b5 14. Rac1 Rb8 15. Bh6 Qb6 16. Bxg7 Kxg7 17. Qe3 b4 18. Qg3 e6 19. Rc5 Nc6 20. Rfc1 Rfc8 21. Qd6 Qd8 22. Rxc6 Bxc6 23. Qxd8 Rxd8 24. Rxc6 b3 25. axb3 Rxb3 26. Bc2 Ra3 27. f3 a5 28. Rc4 Ra2 29. Kf2 Rb8 30. Nc1 Rab2 31. Nd3 Ra2 32. Ke3 a4 33. Nc1 Rab2 34. Kd3 a3 35. Kc3 Ra8 36. Nb3 Rxb3+ 37. Bxb3 a2 38. Bxa2 Rxa2 39. Kd3 Rxg2 40. d5 exd5 41. exd5 Kf6 42. Re4 Ra2 43. Kc4 Ra4+ 44. Kc5 Ra5+ 45. Kc6 Ra6+ 46. Kb5 Ra1 47. d6 Rd1 48. Kc6 Rc1+ 49. Kd7 Rc3 50. Rf4+ Kg7 51. Ke8 f5 52. d7 Re3+ 53. Kd8 Kf7 54. Rc4 Rd3 55. Kc8 Ra3 56. d8Q Ra8+ 57. Kd7 Rxd8+ 58. Kxd8 g5 59. h4 gxh4 60. Rxh4 Kg6 61. f4 h5 62. Ke7 1-0

[Event "Helsinki We HSK Eero Book 100 5th"]
[Site "Helsinki"]
[Date "2010.??.??"]
[Round "5"]
[White "Tuovinen, Jukka"]
[Black "Kiviaho, Allan"]
[Result "1-0"]
[WhiteElo "2171"]
[BlackElo "2181"]
[PlyCount "59"]
[EventDate "2010.??.??"]
[EventType "swiss"]
[EventRounds "5"]
[EventCountry "FIN"]
[SourceTitle "EXT 2022"]
[Source "ChessBase"]
[SourceDate "2021.10.06"]
[SourceVersion "1"]
[SourceVersionDate "2021.10.06"]
[SourceQuality "1"]

1. e4 c5 2. Nf3 e6 3. d4 cxd4 4. Nxd4 Nc6 5. Nc3 Qc7 6. Be3 a6 7. Be2 Nf6 8. 0-0 Bb4 9. f3 Bxc3 10. bxc3 d5 11. Nxc6 Qxc6 12. Bd4 dxe4 13. fxe4 Nxe4 14. Bf3 Bd7 15. Re1 f5 16. Bxe4 fxe4 17. Bxg7 0-0-0 18. Bxh8 Rxh8 19. Qd4 Rg8 20. Rxe4 Rg5 21. Rf1 Rc5 22. Rf8+ Kc7 23. Rf7 Rd5 24. Qc4 Rc5 25. Qd3 b5 26. Rd4 Rd5 27. Rxd5 exd5 28. Qxh7 Qxc3 29. Rxd7+ Kb6 30. Rb7+ 1-0

[Event "FIN-chT1B 0708"]
[Site "Finland"]
[Date "2007.09.15"]
[Round "1.1"]
[White "Kiviaho, Allan"]
[Black "Laakso, Harri"]
[Result "0-1"]
[WhiteElo "2215"]
[BlackElo "2182"]
[PlyCount "96"]
[EventDate "2007.09.15"]
[EventType "team-tourn"]
[EventRounds "7"]
[EventCountry "FIN"]
[SourceTitle "EXT 2022"]
[Source "ChessBase"]
[SourceDate "2021.10.06"]
[SourceVersion "1"]
[SourceVersionDate "2021.10.06"]
[SourceQuality "1"]
[WhiteTeam "Helsinki HSK II"]
[BlackTeam "Helsinki RikSha"]
[WhiteTeamCountry "FIN"]
[BlackTeamCountry "FIN"]

1. d4 Nf6 2. c4 g6 3. g3 Bg7 4. Bg2 0-0 5. Nf3 d6 6. 0-0 c5 7. Nc3 Nc6 8. d5 Na5 9. Nd2 a6 10. Qc2 Rb8 11. b3 b5 12. Bb2 e5 13. e4 Nh5 14. Rae1 f5 15. exf5 gxf5 16. Ne2 f4 17. gxf4 Nxf4 18. Nxf4 Rxf4 19. Bc1 Bf5 20. Ne4 Rg4 21. cxb5 axb5 22. Re3 Qh4 23. f3 Rg6 24. Qf2 Qxf2+ 25. Kxf2 Bh6 26. Re2 Bxe4 27. Rxe4 b4 28. Bh3 Bxc1 29. Rxc1 Nb7 30. a3 Na5 31. axb4 Nxb3 32. Rd1 cxb4 33. Rb1 Nc5 34. Rg4 b3 35. Ke3 Ra8 36. Rb4 Ra2 37. R1xb3 Nxb3 38. Rxb3 Rxh2 39. Bf5 Rgg2 40. Rb8+ Kg7 41. Rb7+ Kf6 42. Be6 Rd2 43. Rf7+ Kg6 44. f4 Rhe2+ 45. Kf3 Rf2+ 46. Ke3 exf4+ 47. Ke4 Rfe2+ 48. Kf3 Re3+ 0-1